000 01563nam1a2200325 i 4500
001 RU\NLR\bibl\6679
005 20260407145321.0
035 _a(NLR Aleph) 000006502
090 _a19329
_c19329
100 _a19981102g19989999u y0rusy50 ca
101 0 _arus
102 _aRU
105 _a||||z |||||
200 1 _aБухгалтерский учет с применением ЭВМ
_eУчеб.-метод. пособие
_e[Для учащихся заоч. шк. МИФИ]
_fМоск. гос. инж.-физ. ин-т (техн. ун-т). Заоч. шк.
_g[Разраб. Щадиловой С.Н.]
205 _a[2-е изд., испр. и доп.]
210 _aМ.
_cЗаоч. шк. МИФИ
_d1998
215 _d20
225 1 _aСтоличное образование для старшеклассников и взрослых
225 1 _a... И за партой сидеть не надо!
463 0 _10016613
463 0 _100146054
606 0 _aБухгалтерский учет
_jМетодические пособия
_xАвтоматизация
_91203948
_3RU\NLR\auth\66169434
686 _aУ052.9(2)2-211.853я7
702 1 _4220
_8rus
_7ca
_aЩадилова
_gСтелла Николаевна
_bС. Н.
_3RU\NLR\auth\778196
_9118110
712 0 2 _4570
_aМосковский государственный инженерно-физический институт
_3RU\NLR\AUTH\8810021585
_9541056
801 0 _aRU
_bNLR
_c19981102
_gPSBO
801 1 _aRU
_bNLR
_c19981102
852 _aNLR
_j98-3/2723
942 _cBOOK